Crime and Justice in Contemporary Japan

This book provides an important overview of key criminology and criminal justice concerns in Japan. It highlights similarities between the practice of criminology research in Japan, as well as important differences, with other areas of Asia and with the West. In previous decades, Japan attracted int...

Πλήρης περιγραφή

Λεπτομέρειες βιβλιογραφικής εγγραφής
Συγγραφή απο Οργανισμό/Αρχή: SpringerLink (Online service)
Άλλοι συγγραφείς: Liu, Jianhong (Επιμελητής έκδοσης, http://id.loc.gov/vocabulary/relators/edt), Miyazawa, Setsuo (Επιμελητής έκδοσης, http://id.loc.gov/vocabulary/relators/edt)
Μορφή: Ηλεκτρονική πηγή Ηλ. βιβλίο
Γλώσσα:English
Έκδοση: Cham : Springer International Publishing : Imprint: Springer, 2018.
Έκδοση:1st ed. 2018.
Σειρά:Springer Series on Asian Criminology and Criminal Justice Research,
Θέματα:
Διαθέσιμο Online:Full Text via HEAL-Link
LEADER 05790nam a2200541 4500
001 978-3-319-69359-0
003 DE-He213
005 20190613191744.0
007 cr nn 008mamaa
008 171216s2018 gw | s |||| 0|eng d
020 |a 9783319693590  |9 978-3-319-69359-0 
024 7 |a 10.1007/978-3-319-69359-0  |2 doi 
040 |d GrThAP 
050 4 |a HV6001-7220.5 
050 4 |a KM1-999 
072 7 |a JKV  |2 bicssc 
072 7 |a SOC004000  |2 bisacsh 
072 7 |a JKV  |2 thema 
082 0 4 |a 364.095  |2 23 
245 1 0 |a Crime and Justice in Contemporary Japan  |h [electronic resource] /  |c edited by Jianhong Liu, Setsuo Miyazawa. 
250 |a 1st ed. 2018. 
264 1 |a Cham :  |b Springer International Publishing :  |b Imprint: Springer,  |c 2018. 
300 |a X, 352 p. 33 illus., 22 illus. in color.  |b online resource. 
336 |a text  |b txt  |2 rdacontent 
337 |a computer  |b c  |2 rdamedia 
338 |a online resource  |b cr  |2 rdacarrier 
347 |a text file  |b PDF  |2 rda 
490 1 |a Springer Series on Asian Criminology and Criminal Justice Research,  |x 2522-5545 
505 0 |a Asian Criminology and Crime and Justice in Japan - an Introduction.- Part 1: Changing Crimes in Japan.- Changes in Crime and Reactions to Crime in Japan Becoming Stagnant with Aging.- Kin, Crime and Criminal Justice in Contemporary Japan.- Incidents of Homicides or Murder-suicides by Family Caregivers in Japan and Challenges for Prevention.- The Effect of Disaster Damage on the Occurrence of Crime: A Survey of Residents of Four Prefectures Affected by the Great East Japan Earthquake.- Revisiting Japan's Postwar Homicide Trend, 1951-2014.- Part 2: Testing and Developing Theories of Crime and Delinquency.- Risk Factors for Serious Delinquency in Japan: Findings from Osaka Male Youths.- Laying the Groundwork for Testing the Routine Activity Theory at the Micro Level Using Japanese Satellite Positioning Technology.- Analysis of Current Criminals in Japan based on typology of relationships with others -- Part 3: Challenges and Trends in Criminal Justice Reform.- Considering Japanese Criminal Justice from an Original Position.- Sentencing and Punishment in Japan and England: A Comparative Discussion.- Fire, Coerced Confession, and Wrongful Conviction: A Tale of Two Countries.- From measuring support for the death penalty to justifying its retention: Japanese public opinion surveys on crime and punishment, 1956-2014.- Crime victims' protection under the free speech law in Japan.- Part 4: Lay Judges System.- The Impact of Previous Sentencing Trends on Lay Judges' Sentencing.- To be suspended or not to be? The effects of emotions and personality variables on lay people's judgment of suspension of punishment.- Future of Criminal Justice Policy for Sex Crime in Japan: The Possible Impacts by the Lay Judge System -- Part 5: Juvenile Justice and Support System in Japan.- The Juvenile Justice System of Japan: An Overview.- Empirical Research on Socio-Cultural Transition in Children in the Children's Self-Reliance Support Facility and the Effect of Support -- Index. 
520 |a This book provides an important overview of key criminology and criminal justice concerns in Japan. It highlights similarities between the practice of criminology research in Japan, as well as important differences, with other areas of Asia and with the West. In previous decades, Japan attracted international attention as the only industrialized country where the crime rate declined along with a rise in urbanization and economic development. Currently, Japan still enjoys a declining crime rate (the lowest among major industrialized countries) and a study of criminal justice practices in Japan may provide important insights for other regions. Japan also experiences important contemporary challenges which are shared by other regions: 1. Japan has the highest proportion of people over the age of 60 in the world. For criminology, this means key challenges in the victimization of older people, as well as the challenges of an aging prison population.  2. Besides the United States, Japan is the only developed country that still practices capital punishment, and its rate has been on the rise in the past 20 years.  3. Japan has also introduced new reforms in its law practice, including the introduction of new trial formats. The research in this book provides a helpful overview for scholars interested in criminology and criminal justice in Japan to understand the key issues of concern, and present a framework for future research needs. It will be of interest to researchers in criminology and criminal justice, international studies, Asian Studies, sociology, and political science. 
650 0 |a Criminology. 
650 0 |a Law-Asia. 
650 0 |a Comparative politics. 
650 0 |a Geriatrics. 
650 1 4 |a Asian Criminology.  |0 http://scigraph.springernature.com/things/product-market-codes/1BC000 
650 2 4 |a Comparative Politics.  |0 http://scigraph.springernature.com/things/product-market-codes/911040 
650 2 4 |a Geriatrics/Gerontology.  |0 http://scigraph.springernature.com/things/product-market-codes/H33150 
700 1 |a Liu, Jianhong.  |e editor.  |4 edt  |4 http://id.loc.gov/vocabulary/relators/edt 
700 1 |a Miyazawa, Setsuo.  |e editor.  |4 edt  |4 http://id.loc.gov/vocabulary/relators/edt 
710 2 |a SpringerLink (Online service) 
773 0 |t Springer eBooks 
776 0 8 |i Printed edition:  |z 9783319693583 
776 0 8 |i Printed edition:  |z 9783319693606 
776 0 8 |i Printed edition:  |z 9783319887630 
830 0 |a Springer Series on Asian Criminology and Criminal Justice Research,  |x 2522-5545 
856 4 0 |u https://doi.org/10.1007/978-3-319-69359-0  |z Full Text via HEAL-Link 
912 |a ZDB-2-LCR 
950 |a Law and Criminology (Springer-41177)